Prejavy oživenia tokov na trhu práce

Hoci od začiatku roka 2010 evidujeme v slovenskej ekonomike prejavy oživenia, trh práce iba so značným oneskorením prechádza pomyselným dnom recesie. Zlepšenie parametrov trhu práce teda výrazne zaostane za oživením produkcie. Dôvody pre takéto meškanie. Objem prítoku a odtoku uchádzačov o zamestnan...

Description complète

Enregistré dans:
Détails bibliographiques
Auteur principal: Morvay, Karol, 1973-
Format: Chapitre de livre
Langue:slovaque
Sujets:
Tags: Ajouter un tag
Pas de tags, Soyez le premier à ajouter un tag!

MARC

LEADER 00000nla$a2200000$$$4500
001 0120238
005 20240502072339.5
041 0 |a slo 
044 |a SK 
245 1 0 |a Prejavy oživenia tokov na trhu práce  |c Karol Morvay 
520 |a Hoci od začiatku roka 2010 evidujeme v slovenskej ekonomike prejavy oživenia, trh práce iba so značným oneskorením prechádza pomyselným dnom recesie. Zlepšenie parametrov trhu práce teda výrazne zaostane za oživením produkcie. Dôvody pre takéto meškanie. Objem prítoku a odtoku uchádzačov o zamestnanie a počet umiestnených. Pomer odtoku a prítoku uchádzačov o zamestnanie. Lepšia štruktúra úbytkov z registra a menší vplyv administratívnych zásahov. Podiel disponibilných nezamestnaných z celkového počtu nezamestnaných. 
610 2 0 |a Slovensko 
610 2 0 |a hospodárstvo národné 
610 2 0 |a oživenie 
610 2 0 |a trh práce 
100 1 |a Morvay, Karol, 1973-